000 03082cam a2200349 i 4500
001 17375754
003 Nust- CAS-E
005 20180118181401.0
008 120706s2013 enka b 000 0 eng
010 _a 2012018942
020 _a9780415639828
020 _a9780203081402
040 _aDLC
_beng
_cDLC
_erda
_dDLC
042 _apcc
050 0 0 _aTK1087
_b.E546 2013
082 0 0 _a621.31/244
_223
_bENE 2013
084 _aTEC031000
_aTEC031010
_2bisacsh
245 0 0 _aEnergy from the desert.
_pCAS-EVery large scale photovoltaic power--state of the art and into the future /
_cedited by Keiichi Komoto, Christian Breyer, Edwin Cunow, Karim Megherbi, David Faiman, Peter van der Vleuten.
260 _cc2013
300 _axiv, 225 pages :
_bcolor illustrations ;
_c31 cm
504 _aIncludes bibliographical references.
520 _a"This 4th volume in the established Energy From The Desert series examines and evaluates the potential and feasibility of Very Large Scale Photovoltaic Power Generation (VLS-PV) systems, which have capacities ranging from several megawatts to gigawatts, and to develop practical project proposals toward implementing the VLS-PV systems in the future. Comprehensively analysing all major issues involved in such large scale applications, based on the latest scientific and technological developments and by means of close international co-operation with experts from different countries. From the perspective of the global energy situation, global warming, and other environmental issues, it is apparent that VLS-PV systems can: contribute substantially to global energy needs; become economically and technologically feasible soon; contribute significantly to the global environment protection; contribute significantly to socio-economic development. Energy policies around the world are gradually changing direction to focus less on nuclear energy with the expectation to turn to denuclearization entirely with the negative impacts of nuclear energy, while in parallel the importance of and expectations for renewable energy technologies are increasing drastically as possible energy infrastructure, as well as environmental friendly technology. This book recognises that very large scale solar electricity generation provides economic, social and environmental benefits, security of electricity supply and fair access to affordable and sustainable energy solutions and that VLS-PV systems must be one of the promising options for large-scale deployment of PV systems and renewable energy technologies"--
650 0 _aPhotovoltaic power generation.
650 0 _aPhotovoltaic power systems.
650 0 _aDesert resources development.
650 7 _aTECHNOLOGY & ENGINEERING / Power Resources / General.
_2bisacsh
650 7 _aTECHNOLOGY & ENGINEERING / Power Resources / Alternative & Renewable.
_2bisacsh
700 1 _aKomoto, Keiichi.
906 _a7
_bcbc
_corignew
_d1
_eecip
_f20
_gy-gencatlg
942 _2ddc
_cBK
999 _c355432
_d355432